Catholic Church - Cheese - Legal Term - Statistics

General Stats
  • This quiz has been taken 38 times
  • The average score is 20 of 24
Answer Stats
Hint Answer % Correct
Cardinal Catholic Church
100%
Verdict Legal Term
97%
Deacon Catholic Church
94%
Friar Catholic Church
94%
Feta Cheese
94%
Mozerella Cheese
94%
Parole Legal Term
94%
Bail Legal Term
94%
Abbot Catholic Church
91%
Limburger Cheese
91%
Acquittal Legal Term
91%
Nuncio Catholic Church
88%
Plaintiff Legal Term
88%
Sequester Legal Term
82%
Missal Catholic Church
79%
Roquefort Cheese
79%
Edam Cheese
79%
Emmentaler Cheese
70%
Stilton Cheese
67%
Prelate Catholic Church
64%
Casu martzu Cheese
64%
Tort Legal Term
61%
Appellate Legal Term
55%
Dulia Catholic Church
45%
No matching quizzes found
Score Distribution
Percent of People with Each Score
Percentile by Number Answered
Your Score History
You have not taken this quiz